000
00503nam a2200169Ia 4500
008
090711s9999 xx 000 0 und d
082
_b
16740
100
_a
भावे पुरुषोत्तम भा.
245
_a
वायबार
260
_c
1961
300
_a
130
600
_a
भावे पुरुषोत्तम भा.
630
_a
वायबार
700
_a
भावे पुरुषोत्तम भा.
730
_a
वायबार
942
_c
BOOK
999
_c
297941
_d
297941